000 00713nam a2200289Ia 4500
005 20260324132659.0
008 008 260324s9999 xx 000 0 eng d
020 _a9780203465622
037 _aEBOOK
040 _aCRL
040 _beng
040 _cCRL
041 _2eng
041 _aeng
084 _qCRL
100 _aDaniel P. Liston; James W. Garrison
_91190210
245 0 _aTeaching, Learning, and Loving
245 0 _bReclaiming Passion in Educational Practice
260 _bTaylor and Francis
260 _c2004
365 _a
365 _b230
856 _uhttp://www.taylorfrancis.com/books/9780203465622
942 _cEBOOK
999 _c1788525
_d1788525